Memoria sobre el sistema penitenciario en jeneral i su mejor aplicación en Chile. Leída por Don Benjamín Vicuña Mackenna, en el acto de rendir su examen de Licenciado en Leyes i Ciencias Políticas el 22 de mayo de 1857. Publicada en los diarios El Ferrocarril i el Diario de Valparaíso i en los Anales de la Universidad del mes de junio de 1857

Bewaard in:
Bibliografische gegevens
Hoofdauteur: Vicuña Mackenna, Benjamín, 1831-1886 (Auteur)
Formaat: Boek
Taal:Spaans
Gepubliceerd in: Santiago Imprenta del Ferrocarril, calle de los Teatinos, núm. 34, propiedad de J. P. Urzúa 1857
Editie:1a. ed
Onderwerpen:
Tags: Voeg label toe
Geen labels, Wees de eerste die dit record labelt!

MARC

LEADER 00000nam a2200000 a 4500
001 UCJ4940
003 CL-VaPUC
008 070124e18570600CL |||||||||||||||||spa|d
082 0 4 |a 983  |b VIC  |2 21 
100 |a Vicuña Mackenna, Benjamín,  |d 1831-1886  |x Político e historiador   |z Chile   |e author  |9 374 
245 1 0 |a Memoria sobre el sistema penitenciario en jeneral i su mejor aplicación en Chile. Leída por Don Benjamín Vicuña Mackenna, en el acto de rendir su examen de Licenciado en Leyes i Ciencias Políticas el 22 de mayo de 1857. Publicada en los diarios El Ferrocarril i el Diario de Valparaíso i en los Anales de la Universidad del mes de junio de 1857 
250 |a 1a. ed 
300 |a 30 p  
942 |c BK 
945 |d 20070124 00:00:00  |a rinostro 
260 |a Santiago  |b Imprenta del Ferrocarril, calle de los Teatinos, núm. 34, propiedad de J. P. Urzúa  |c 1857 
500 |a Benelli, 9 
650 7 |a DERECHO PENAL  |2 CL-VaPUC  |9 11 
650 0 |a Cárceles   |9 372952 
650 7 |a REGLAMENTO CARCELARIO  |2 CL-VaPUC  |9 509506 
650 7 |a DOCUMENTOS  |2 CL-VaPUC  |9 366450 
650 0 |a Historia de Chile  |9 265473 
583 |a last modification  |c 20070124 00:00:00  |k Rodrigo Vera 
999 |c 321055  |d 321053 
952 |0 0  |1 0  |4 0  |6 983_000000000000000_VIC_1857  |7 0  |8 X  |9 399713  |a FDOBUD  |b FDOBUD  |d 2019-11-22  |i 1027972  |o 983 VIC 1857  |p 1027972  |r 2019-11-22  |w 2019-11-22  |y BK_X  |k BUD